|
|
|
|
| LEADER |
00000nab a2200000uu 4500 |
| 001 |
vtls011480308 |
| 003 |
SK-MaSNL |
| 005 |
20260303160041.0 |
| 008 |
230222|2002 xo |||||||||||||||||pol| |
| 015 |
|
|
|a SNBRB
|
| 035 |
|
|
|a (urnnbn)urn:nbn:sk:snk:ar-0057s3
|
| 035 |
|
|
|a (uuid)b595f731-7f11-4d85-9141-abea9ac4c485
|
| 035 |
|
|
|a urn:nbn:sk:snk-abd7w2
|
| 040 |
|
|
|a SNKBUCL
|b slo
|c SNKBUCL
|e AACR2
|
| 041 |
0 |
|
|a pol
|
| 044 |
|
|
|a xo
|c SK
|
| 100 |
1 |
|
|a Chwiałkowska, B.
|4 aut
|9 1180075
|
| 245 |
1 |
0 |
|a STANOWISKO LABORATORYJNE DO WYKONYWANIA KSZTAŁTEK METODĄ COLD-BOX
|c Izdebska-Szanda I., F. Pezarski, B. Chwiałkowska, E. Smoluchowska, J. Morek
|
| 246 |
3 |
|
|a LABORATORY WORK POST FOR MAKING SPECIMENS BY COLD BOX PROCESS
|
| 700 |
1 |
|
|a Smoluchowska, E.
|4 aut
|9 1179756
|
| 700 |
1 |
|
|a Pezarski, F.
|4 aut
|9 1180095
|
| 700 |
1 |
|
|a Izdebska-Szanda I.
|4 aut
|9 1180096
|
| 700 |
1 |
|
|a Morek, J.
|4 aut
|9 1180349
|
| 773 |
0 |
|
|t Acta Metallurgica Slovaca : časopis Hutníckej fakulty Technickej univerzity Košice
|g Roč. 8, č. 2 (1/2) (2002), s. 110-114
|
| 958 |
|
|
|a OND
|
| 958 |
|
|
|a EUIPO
|
| 958 |
|
|
|a article18
|
| 999 |
|
|
|c 2044021
|d 2045951
|